La pobreza infantil en América Latina /

Bibliographic Details
Format: Libro
Language:English
Published: Santiago, Chile UNICEF 2005

MARC

LEADER 00000cam a2200000 a 4500
001 027066
003 UAHC_CL
005 20170803122742.0
008 060302b xx j 000 1 eng
040 |a UAHC_CL  |c UAHC_CL  |d UAHC_CL 
245 1 3 |a La pobreza infantil en América Latina /  |c UNICEF. 
260 |b UNICEF  |c 2005  |a Santiago, Chile 
900 |a CARPETA-08 BODEGA 
942 |c BK 
952 |0 0  |1 0  |4 0  |6 CARPETA_08_BODEGA  |7 0  |8 Referencia  |9 54086  |a BC  |b BC  |c Referencia  |d 2017-08-03  |l 0  |o CARPETA-08 BODEGA  |p 1352162  |r 2019-01-08 00:00:00  |t 1  |w 2017-08-03  |y BK 
999 |c 27066  |d 27066